|
|
|
|
| LEADER |
00000nam0a2200000 4500 |
| 001 |
356173 |
| 005 |
20231207154342.0 |
| 035 |
|
|
|a (RuTPU)RU\TPU\retro\13433
|
| 090 |
|
|
|a 356173
|
| 100 |
|
|
|a 20200716d1939 m y0rusy50 ca
|
| 101 |
0 |
|
|a rus
|
| 102 |
|
|
|a RU
|
| 105 |
|
|
|a y z 001ay
|
| 181 |
|
0 |
|b e
|
| 182 |
|
0 |
|a n
|
| 183 |
|
0 |
|a nc
|2 RDAcarrier
|
| 200 |
1 |
|
|a Драмы и трагедии
|f М. Ю. Лермонтов
|
| 210 |
|
|
|a Ленинград
|c Госполитиздат
|d 1939
|
| 215 |
|
|
|a 559 с.
|
| 283 |
|
|
|a volume
|
| 316 |
|
|
|5 63413507: 145594
|a На переднем и заднем форзацах надписи
|
| 320 |
|
|
|a Примечания: с. 555-559
|
| 606 |
1 |
|
|a Русская литература, дореволюционная
|2 stltpush
|3 (RuTPU)RU\TPU\subj\26371
|9 50314
|
| 610 |
1 |
|
|a прозаические сочинения
|
| 610 |
1 |
|
|a драматургия
|
| 610 |
1 |
|
|a драмы
|
| 610 |
1 |
|
|a трагедии
|
| 675 |
|
|
|a Р2
|v 4
|
| 700 |
|
1 |
|a Лермонтов
|b М. Ю.
|c русский поэт
|c писатель
|f 1814-1841
|g Михаил Юрьевич
|3 (RuTPU)RU\TPU\pers\1023
|9 452
|
| 801 |
|
1 |
|a RU
|b 63413507
|c 20200716
|
| 801 |
|
2 |
|a RU
|b 63413507
|c 20200721
|g RCR
|
| 942 |
|
|
|c BK
|